The Act requires written terms (Record no. 71391)
[ view plain ]
| 000 -LEADER | |
|---|---|
| fixed length control field | 01536cam a2200229 4500 |
| 001 - CONTROL NUMBER | |
| control field | ABS66002 |
| 008 - FIXED-LENGTH DATA ELEMENTS--GENERAL INFORMATION | |
| fixed length control field | 021018n2002 000 0 eng u |
| 035 ## - SYSTEM CONTROL NUMBER | |
| System control number | (Sirsi) u120177 |
| 100 ## - MAIN ENTRY--PERSONAL NAME | |
| Personal name | Atkinson, D. |
| 245 #4 - TITLE STATEMENT | |
| Title | The Act requires written terms |
| 260 ## - PUBLICATION, DISTRIBUTION, ETC. | |
| Date of publication, distribution, etc. | 2002 |
| 490 ## - SERIES STATEMENT | |
| Series statement | Construction News |
| Volume/sequential designation | (6784) 19 September 2002, 22(1) |
| 520 ## - SUMMARY, ETC. | |
| Summary, etc. | Housing Grants, Construction and Regeneration Act 1996 s107 says that qualifying contracts must be in writing if the Act is to apply. The meaning of the phrase has been considered in the case of "RJT Consulting engineers v DM Engineering (NI)" (2001) where both RJT and DM had an oral contract of construction operations as defined in s105 of the Act. This point was not disputed by either party, but RJT argued that the whole agreement had to be in writing if the contract was to be bound by the Act and the adjudicator to have any jurisdiction. The significance of the case being that all the terms and not just the existence of a contract should be evident in writing if the contract is to qualify being referred to adjudication. |
| 590 ## - LOCAL NOTE (RLIN) | |
| Local note | ABS |
| 650 ## - SUBJECT ADDED ENTRY--TOPICAL TERM | |
| Topical term or geographic name entry element | HOUSING GRANTS, CONSTRUCTION AND REGENERATION ACT 1996 S107 |
| 650 ## - SUBJECT ADDED ENTRY--TOPICAL TERM | |
| Topical term or geographic name entry element | MANAGEMENT-DISPUTE AVOIDANCE, MANAGEMENT AND RESOLUTION-DISPUTE MANAGEMENT AND RESOLUTION-ALTERNATIVE DISPUTE RESOLUTION-ADJUDICATION |
| 650 ## - SUBJECT ADDED ENTRY--TOPICAL TERM | |
| Topical term or geographic name entry element | R J T CONSULTING ENGINEERS LTD V D M ENGINEERING (NI) LTD |
| 650 ## - SUBJECT ADDED ENTRY--TOPICAL TERM | |
| Topical term or geographic name entry element | ORAL AGREEMENTS |
| 650 ## - SUBJECT ADDED ENTRY--TOPICAL TERM | |
| Topical term or geographic name entry element | WRITTEN EVIDENCE |
| 690 ## - LOCAL SUBJECT ADDED ENTRY--TOPICAL TERM (OCLC, RLIN) | |
| Topical term or geographic name as entry element | BUILT ENVIRONMENT-BUILDING CONTRACT FORMS |
| 942 ## - ADDED ENTRY ELEMENTS (KOHA) | |
| Suppress in OPAC | 0 |
| Withdrawn status | Lost status | Source of classification or shelving scheme | Damaged status | Not for loan | Home library | Current library | Shelving location | Date acquired | Total Checkouts | Full call number | Barcode | Date last seen | Copy number | Price effective from | Koha item type |
|---|---|---|---|---|---|---|---|---|---|---|---|---|---|---|---|
| Dewey Decimal Classification | London | London | Journal article | 18/10/2002 | ABS66002 | 120177-1001 | 06/08/2019 | 1 | 06/08/2019 | Journal article |